Handbook of Japanese popular culture / (Record no. 12435)

000 -LEADER
fixed length control field 00467cam a2200169 a 4500
020 ## - INTERNATIONAL STANDARD BOOK NUMBER
ISBN 0313239223 (lib. bdg. : alk. paper)
040 ## - CATALOGING SOURCE
Transcribing agency DLC
082 00 - DEWEY DECIMAL CLASSIFICATION NUMBER
Classification number 952 GRE 1989 A099 Or.
245 00 - TITLE STATEMENT
Title Handbook of Japanese popular culture /
260 ## - PUBLICATION, DISTRIBUTION, ETC. (IMPRINT)
Place of publication New York :
Name of publisher Greenwood Press,
Year of publication 1989.
300 ## - PHYSICAL DESCRIPTION
Number of Pages xviii, 350 p. ;
Dimensions 25 cm.
650 #0 - SUBJECT ADDED ENTRY--TOPICAL TERM
Topical Term Popular culture
700 1# - ADDED ENTRY--PERSONAL NAME
Personal name Powers, Richard Gid,
700 1# - ADDED ENTRY--PERSONAL NAME
Personal name Katō, Hidetoshi,
700 1# - ADDED ENTRY--PERSONAL NAME
Personal name Stronach, Bruce.
942 ## - ADDED ENTRY ELEMENTS (KOHA)
Koha item type សៀវភៅភាសាអង់គ្លេស
952 ## - LOCATION AND ITEM INFORMATION (KOHA)
Withdrawn status [LOCAL, KOHA] 0
Holdings
Permanent Location Date acquired Koha item type Lost status Shelving location Barcode Current Location Full call number
Library Block A2017-08-14សៀវភៅភាសាអង់គ្លេស A099A16599Library Block A952 GRE 1989 A099 Or.
មជ្ឈមណ្ឌលឯការនៃសាកលវិទ្យាល័យភូមិន្ទកសិកម្មចំការដូង

Powered by Koha